000 00919cab a2200265 4500
001 WB3415-52
008 090401t1998 xxu||||| |||| 00| 0 eng d
035 _a(Sirsi) u85630
041 _aeng
245 _aLong leases
260 _c1998
350 _a0
490 _aEstate Agency News
_v(133) April 1998, 7(1)
520 _aLong leaseholders whose leases end in 1999 could be affected by changes brought about under the Local Government and Housing Act 1989. Details.
650 _aASSURED TENANCIES
650 _aLEASEHOLDERS
650 _aLOCAL GOVERNMENT AND HOUSING ACT 1989
650 _aLONG LEASEHOLDERS
650 _aLONG LEASES
650 _aPROPERTY-RESIDENTIAL PROPERTY-RESIDENTIAL LANDLORD AND TENANT-RESIDENTIAL TENANCIES
650 _aTERMINATION
690 _aPROPERTY-RESIDENTIAL PROPERTY-RESIDENTIAL LANDLORD AND TENANT-RESIDENTIAL TENANCIES
942 _n0
948 _c16/04/1998
999 _c53853
_d53853